Name that Bird - Statistics

General Stats
  • This quiz has been taken 46 times
  • The average score is 10 of 16
Answer Stats
Picture Answer % Correct
Bald Eagle
100%
Owl
100%
Duck
82%
Crow
79%
Parrot
76%
Goose
70%
Raven
70%
Hawk
64%
Vulture
64%
Cardinal
61%
Hummingbird
61%
Seagull
58%
Golden Eagle
52%
Osprey
36%
Steller's Eagle
30%
Junco
12%
No matching quizzes found
Score Distribution
Percent of People with Each Score
Percentile by Number Answered
Your Score History
You have not taken this quiz